Estates Times (Record no. 118625)
[ view plain ]
| 000 -LEADER | |
|---|---|
| fixed length control field | 00574cas a22002175a 4500 |
| 001 - CONTROL NUMBER | |
| control field | L99037 |
| 008 - FIXED-LENGTH DATA ELEMENTS--GENERAL INFORMATION | |
| fixed length control field | 070803d19681996xxkwr p 0 a0eng |
| 022 1# - INTERNATIONAL STANDARD SERIAL NUMBER | |
| International Standard Serial Number | 0014-1259 |
| 035 ## - SYSTEM CONTROL NUMBER | |
| System control number | (Sirsi) u99037 |
| 041 0# - LANGUAGE CODE | |
| Language code of text/sound track or separate title | eng |
| 245 00 - TITLE STATEMENT | |
| Title | Estates Times |
| 260 ## - PUBLICATION, DISTRIBUTION, ETC. | |
| Place of publication, distribution, etc. | London |
| Name of publisher, distributor, etc. | Morgan-Grampian (Construction Press) Ltd |
| Date of publication, distribution, etc. | 1968-1996 |
| 362 ## - DATES OF PUBLICATION AND/OR SEQUENTIAL DESIGNATION | |
| Dates of publication and/or sequential designation | London: 1975-June 1996 |
| 362 0# - DATES OF PUBLICATION AND/OR SEQUENTIAL DESIGNATION | |
| Dates of publication and/or sequential designation | Edinburgh: January 1990-June 1996 |
| 554 ## - | |
| -- | One per week |
| 651 #4 - SUBJECT ADDED ENTRY--GEOGRAPHIC NAME | |
| Geographic name | United Kingdom |
| Chronological subdivision | |
| 690 ## - LOCAL SUBJECT ADDED ENTRY--TOPICAL TERM (OCLC, RLIN) | |
| Topical term or geographic name as entry element | PROPERTY |
| 785 00 - SUCCEEDING ENTRY | |
| Title | Property Week |
| International Standard Serial Number | 0969-7594 |
| 942 ## - ADDED ENTRY ELEMENTS (KOHA) | |
| Suppress in OPAC | 0 |
| 948 ## - LOCAL PROCESSING INFORMATION (OCLC); SERIES PART DESIGNATOR (RLIN) | |
| c (OCLC) | 04/02/1994 |
| Withdrawn status | Lost status | Source of classification or shelving scheme | Damaged status | Not for loan | Home library | Current library | Shelving location | Date acquired | Total Checkouts | Full call number | Barcode | Date last seen | Price effective from | Koha item type |
|---|---|---|---|---|---|---|---|---|---|---|---|---|---|---|
| Dewey Decimal Classification | London | London | Gallery | 21/09/2005 | PROPERTY WEEK 1994- | 99037-3001 | 06/08/2019 | 06/08/2019 | Journal | |||||
| Dewey Decimal Classification | London | London | Basement | 23/03/2016 | ESTATE TIMES 1977-1996 | 99037-4001 | 06/08/2019 | 06/08/2019 | Journal |